Možnosti znižovania nákladov diplomová práca

Salvato in:
Dettagli Bibliografici
Autore principale: Quirschfeldová, Alena
Ente Autore: Podnikovohospodárska fakulta EU so sídlom v Košiciach. Katedra účtovníctva a financií
Altri autori: Bobáková, Viktória
Natura: Libro
Lingua:slovacco
Pubblicazione: Košice 2008
Tags: Aggiungi Tag
Nessun Tag, puoi essere il primo ad aggiungerne!!

MARC

LEADER 00000nam$a2200000$$$4500
001 0077411
005 20240201115722.4
041 0 |a slo 
044 |a SK 
245 1 0 |a Možnosti znižovania nákladov  |b diplomová práca  |c Alena Quirschfeldová ; škol. Viktória Bobáková 
264 1 |a Košice  |c 2008 
300 |a 74 s. 
100 1 |a Quirschfeldová, Alena 
700 1 |a Bobáková, Viktória 
710 2 |a Podnikovohospodárska fakulta EU so sídlom v Košiciach. Katedra účtovníctva a financií